Valoración y Protección de los Conocimientos Tradicionales en la Amazonia del Perú: (Registro nro. 8618)

Detalles MARC
000 -CABECERA
Campo de control 00954nam a22002057a 4500
005 - FECHA Y HORA DE LA ULTIMA TRANSACCION
Campo de control 20180803165601.0
008 - ELEMENTOS DE LONGITUD FIJA—INFORMACION GENERAL
Campo de control 140822|2010 xxu||||| |||| 00| 0 ck spa d
041 ## - IDIOMA
Código de idioma para texto/pista de sonido o título separado Español
044 ## - PAÍS DE PUBLICACIÓN
País de publicación Perú
082 ## - NUMERO DE CLASIFICACION DECIMAL DEWEY
Número de clasificación 323.11
Número del ítem R93v
100 ## - ASIENTO PRINCIPAL--NOMBRE PERSONAL
Nombre personal Ruiz-Muller, Manuel
245 ## - MENCION DE TITULO
Título Valoración y Protección de los Conocimientos Tradicionales en la Amazonia del Perú:
Parte restante del título Sistematización de una Experiencia
Mención de responsabilidad Manuel, Ruiz Muller...(et al.)
260 ## - PUBLICACION, DISTRIBUCION, ETC. (PIE DE IMPRENTA)
Lugar de publicación, distribución, etc. Perú
Nombre del editor, distribuidor, etc. Programa de pequeñas Donaciones-SGP
-- Sociedad Peruana de Derecho Ambiental-SPDA
-- UNDP-Perú
-- The John D. and Catherine T.MacArthur Foundation-MACARTHUR
-- FMAM
Fecha de publicación, distribución, etc. 2010
300 ## - DESCRIPCION FISICA
Extensión 216 p.
Otros detalles físicos Il, tablas, fot (col).
Dimensiones 25 cm.
650 #6 - ASIENTO SECUNDARIO DE MATERIA - TERMINO TEMATICO
Término temático o nombre geográfico como elemento de entrada Comunidades indígenas
650 #6 - ASIENTO SECUNDARIO DE MATERIA - TERMINO TEMATICO
Término temático o nombre geográfico como elemento de entrada Indígenas de Perú
Subdivisión de forma Programas
650 #6 - ASIENTO SECUNDARIO DE MATERIA - TERMINO TEMATICO
Término temático o nombre geográfico como elemento de entrada Indígenas de Perú
Subdivisión general Condiciones sociales
710 ## - ASIENTO SECUNDARIO - NOMBRE CORPORATIVO
Nombre corporativo o de jurisdicción como elemento de entrada Perú
Unidad subordinada Programa de Asuntos Internacionales y Biodiversidad de la SPDA
942 ## - ELEMENTOS ADICIONALES (KOHA)
Sistema de clasificación Dewey Decimal Classification
Tipo de ítem Libro
Existencias
Withdrawn status Lost status Sistema de Clasificación Damaged status No para préstamo Colección Inventariado Ubicación Permanente Ubicación actual Fecha de adquisición Fuente de Valor Valor Total Checkouts Número topográfico Inventario / Código de Barras Date last seen Ejemplar Price effective from Forma de adquisición Tipo de material
    Dewey Decimal Classification     General Inventariado 2017 Bogotá Bogotá 22/08/2014 Instituto 39000.00   LB-323.11 R93v 034384 22/08/2014 Ej. 1 22/08/2014   Libro